Picture Clues - Find the Connection Quiz Stats

 Plays Quiz Updated Oct 4, 2018

Also try: The Compound Game
Challenge
Share
Tweet
Score 0/12 Timer 04:00
0 Plays Today
Connection % Correct
Chemical Elements
80.5%
Birds
78.4%
Planets
74.7%
US States
74.1%
Colors
71.3%
Countries
67.3%
Automobiles
62.7%
Rock Groups
62.2%
US Presidents
59%
Capital Cities
55.2%
Books of the Bible
32.2%
British Prime Ministers
24.5%

You're not logged in!

Compare scores with friends on all Sporcle quizzes.
OR
Log In

You Might Also Like...

Show Comments

Extras

Top Quizzes Today


Score Distribution

Your Account Isn't Verified!

In order to create a playlist on Sporcle, you need to verify the email address you used during registration. Go to your Sporcle Settings to finish the process.

Report this User

Report this user for behavior that violates our Community Guidelines.

Details: